[Event "Hoersching op 3rd"]
[Site "Hoersching"]
[Date "2015.09.03"]
[Round "4"]
[White "Rauscher, Guenter"]
[Black "Mieskes, Norbert Jr"]
[Result "1-0"]
[WhiteElo "1114"]
[BlackElo "800"]
[PlyCount "81"]
[EventDate "2015.08.31"]
[EventType "swiss"]
[EventRounds "7"]
[EventCountry "AUT"]
[SourceTitle "EXT 2016"]
[Source "ChessBase"]
[SourceDate "2015.10.08"]
[SourceVersion "1"]
[SourceVersionDate "2015.10.08"]
[SourceQuality "1"]

1. e4 e5 2. Nf3 Nc6 3. d4 exd4 4. Nxd4 Nf6 5. Nc3 Bc5 6. Be3 0-0 7. Nxc6 dxc6 8. Bxc5 Qxd1+ 9. Rxd1 Re8 10. Bd3 b6 11. Bd4 a6 12. f3 c5 13. Be3 g5 14. Bxg5 Kg7 15. 0-0 Be6 16. b3 b5 17. e5 Nd7 18. f4 b4 19. Be4 Rab8 20. Nd5 Rb7 21. Bf6+ Nxf6 22. Nxf6 Reb8 23. Bxb7 Rxb7 24. h3 h6 25. g4 c6 26. f5 Bd5 27. h4 c4 28. h5 cxb3 29. axb3 Re7 30. Nxd5 cxd5 31. f6+ Kf8 32. fxe7+ Kxe7 33. Rxd5 Ke6 34. Ra5 Ke7 35. Rf6 Kf8 36. Rxh6 Ke7 37. Raxa6 Kf8 38. Ra7 Kg7 39. g5 Kf8 40. e6 Ke8 41. Rh8# 1-0

[Event "Hoersching op 3rd"]
[Site "Hoersching"]
[Date "2015.09.01"]
[Round "2"]
[White "Mieskes, Norbert Jr"]
[Black "Edlinger, Wilhelm"]
[Result "0-1"]
[WhiteElo "800"]
[BlackElo "1620"]
[PlyCount "102"]
[EventDate "2015.08.31"]
[EventType "swiss"]
[EventRounds "7"]
[EventCountry "AUT"]
[SourceTitle "EXT 2016"]
[Source "ChessBase"]
[SourceDate "2015.10.08"]
[SourceVersion "1"]
[SourceVersionDate "2015.10.08"]
[SourceQuality "1"]

1. e4 c5 2. d4 cxd4 3. Qxd4 Nc6 4. Qd1 d6 5. Nf3 Bg4 6. Be2 e6 7. 0-0 Bxf3 8. Bxf3 Qc7 9. Nc3 a6 10. Bf4 Be7 11. Re1 Nf6 12. e5 dxe5 13. Bxc6+ Qxc6 14. Bxe5 Rd8 15. Qe2 0-0 16. Rad1 b5 17. f3 b4 18. Ne4 Nxe4 19. Qxe4 Qxe4 20. fxe4 f6 21. Bg3 e5 22. Bf2 Kf7 23. g4 Ke6 24. h4 g6 25. Be3 f5 26. Bh6 Rfe8 27. Bg5 Bxg5 28. hxg5 f4 29. a3 bxa3 30. bxa3 Rc8 31. Rc1 Rc3 32. a4 Rec8 33. Re2 R8c4 34. a5 Rg3+ 35. Kf2 Rxg4 36. Ke1 Rxg5 37. Kd2 Rg3 38. c3 Rc6 39. Rc2 h5 40. Kc1 h4 41. Kb2 g5 42. Rg2 Rc4 43. Rce2 Rcxc3 44. Rd2 Rb3+ 45. Kc2 Rgc3+ 46. Kd1 Rb1+ 47. Ke2 f3+ 48. Kf2 fxg2 49. Kxg2 Rb4 50. Rd8 Rb2+ 51. Kf1 Rc1+ 0-1